Municipal and rural sanitation (Record no. 12109)

000 -LEADER
fixed length control field 00625nam a22002171 4500
001 - CONTROL NUMBER
control field 12109
003 - CONTROL NUMBER IDENTIFIER
control field BD-DhUET
008 - FIXED-LENGTH DATA ELEMENTS--GENERAL INFORMATION
fixed length control field 720914s1965 nyua b 000 0 eng
040 ## - CATALOGING SOURCE
Original cataloging agency DLC
Transcribing agency DLC
Modifying agency BD-DhUET
082 ## - DEWEY DECIMAL CLASSIFICATION NUMBER
Classification number 628
Item number EHL/1965
100 ## - MAIN ENTRY--PERSONAL NAME
Personal name Ehlers, Victor M.
245 10 - TITLE STATEMENT
Title Municipal and rural sanitation
250 ## - EDITION STATEMENT
Edition statement 6th ed.
260 ## - PUBLICATION, DISTRIBUTION, ETC. (IMPRINT)
Place of publication, distribution, etc. New Delhi
Name of publisher, distributor, etc. Tata McGraw-Hill
Date of publication, distribution, etc. 1965
300 ## - PHYSICAL DESCRIPTION
Extent xiv, 663 p.
Other physical details ill.
Dimensions 24 cm.
490 0# - SERIES STATEMENT
Series statement McGraw-Hill series in sanitary science and water resources engineering
504 ## - BIBLIOGRAPHY, ETC. NOTE
Bibliography, etc Includes bibliographies
650 #0 - SUBJECT ADDED ENTRY--TOPICAL TERM
Topical term or geographic name as entry element Sanitary engineering
700 ## - ADDED ENTRY--PERSONAL NAME
Personal name Steel, Ernest W.
942 ## - ADDED ENTRY ELEMENTS (KOHA)
Koha item type General Book
Holdings
Date acquired Koha normalized classification for sorting Source of classification or shelving scheme Piece designation (barcode) Price effective from Shelving location Koha date last seen Lost status Koha item type Copy number Not for loan Damaged status Koha full call number Withdrawn status Location (home branch) Sublocation or collection (holding branch)
2015-02-23628_000000000000000_EHL_1965 548232015-02-23Circulation section2015-02-23 General Book1  628/EHL/1965 Central Library, BUETCentral Library, BUET
2015-05-06628_000000000000000_EHL_1965 573402015-05-06Circulation section2015-05-06 General Book2  628/EHL/1965 Central Library, BUETCentral Library, BUET
2015-05-06628_000000000000000_EHL_1965 573412015-05-06Circulation section2015-05-06 General Book3  628/EHL/1965 Central Library, BUETCentral Library, BUET
2015-05-07628_000000000000000_EHL_1958 427262015-05-07Circulation section2015-05-07 General Book4  628/EHL/1958 Central Library, BUETCentral Library, BUET
2015-05-07628_000000000000000_EHL_1965 195152015-05-07Circulation section2015-05-07 General Book5  628/EHL/1965 Central Library, BUETCentral Library, BUET
2015-05-07628_000000000000000_EHL_1965 207852015-05-07Circulation section2015-05-07 General Book6  628/EHL/1965 Central Library, BUETCentral Library, BUET
2015-05-07628_000000000000000_EHL_1965 195142015-05-07Circulation section2015-05-07 General Book7  628/EHL/1965 Central Library, BUETCentral Library, BUET
2015-05-07628_000000000000000_EHL_1965 258512015-05-07Circulation section2015-05-07 General Book8  628/EHL/1965 Central Library, BUETCentral Library, BUET
2015-05-07628_000000000000000_EHL_1965 207842015-05-07Circulation section2015-05-07 General Book9  628/EHL/1965 Central Library, BUETCentral Library, BUET